| 000 | 00391pab a2200169 454500 | ||
|---|---|---|---|
| 008 | 180718b1978 xxu||||| |||| 00| 0 eng d | ||
| 245 | _aPolice training (Document) | ||
| 260 | _c1978 | ||
| 300 | _ap.281-304. | ||
| 362 | _aJan-Mar | ||
| 650 | _aDocument | ||
| 650 | _aTraining | ||
| 650 | _aPolice | ||
| 773 | _aIndian Journal of Public Administration | ||
| 908 | _aN | ||
| 909 | _a88286 | ||
| 999 |
_c88286 _d88286 |
||